Essays in Philosophy and Yoga / (Record no. 78072)

MARC details
000 -LEADER
fixed length control field 00571nam a22001937a 4500
005 - DATE AND TIME OF LATEST TRANSACTION
control field 20130913144652.0
010 ## - LCCN (DPL NO)
LC control number ENG-108147
020 ## - INTERNATIONAL STANDARD BOOK NUMBER
International Standard Book Number 9788170589747
Terms of availability 250.00
035 ## - SYSTEM CONTROL NUMBER
System control number EN-91680
037 ## - SOURCE OF ACQUISITION
Source of stock number/acquisition DBAD/PUB
082 ## - DEWEY DECIMAL CLASSIFICATION NUMBER
Classification number 181.499
100 ## - MAIN ENTRY--PERSONAL NAME
Personal name Sri Aurobindo
245 ## - TITLE STATEMENT
Title Essays in Philosophy and Yoga /
Statement of responsibility, etc by Sri Aurobindo
250 ## - EDITION STATEMENT
Edition statement 2nd ed
260 ## - PUBLICATION, DISTRIBUTION, ETC. (IMPRINT)
Place of publication, distribution, etc Pondicherry
Name of publisher, distributor, etc Sri Aurobindo Ashram
Date of publication, distribution, etc 2012
270 ## - ADDRESS
City Pondicherry
Postal code 605002
Address Sri Aurobindo Ashram Publication Department
300 ## - PHYSICAL DESCRIPTION
Extent 604p.
Dimensions 22cm(pbk)
942 ## - ADDED ENTRY ELEMENTS (KOHA)
Source of classification or shelving scheme Dewey Decimal Classification
Item type English Books
Call number suffix AUR
Classification part 181.499
Holdings
Withdrawn status Lost status Not for loan Collection code Home library Current library Date acquired Source of acquisition Cost, normal purchase price Full call number Barcode Copy number Cost, replacement price Koha item type
    Not For Loan Non-fiction D.B.Act.Division D.B.Act.Division 26/07/2013 DBAD/PUB 250.00 181.499 AUR EN-91680 1 250.00 English Books

© Delhi Public Library
Hit Counter
free hit counter